Nebezpečne dobré platy

Otázka opodstatnenosti rastu miezd. Neprimeraná výška vyplácaných miezd v podnikoch. Trend odmeňovania v prvom polroku 2005. Zvyšovanie miezd v súvislosti s minuloročnou infláciou. Priemerná mzda na Slovensku podľa odvetví. Rast miezd a produktivity práce. Mzdy v roku 2006.

Salvato in:
Dettagli Bibliografici
Autore principale: Múčka, František
Natura: Capitolo di libro
Lingua:slovacco
Soggetti:
Tags: Aggiungi Tag
Nessun Tag, puoi essere il primo ad aggiungerne!!

MARC

LEADER 00000naa$a2200000$$$4500
001 0033957
005 20231009081925.5
041 0 |a slo 
044 |a SK 
245 1 0 |a Nebezpečne dobré platy  |c František Múčka 
520 |a Otázka opodstatnenosti rastu miezd. Neprimeraná výška vyplácaných miezd v podnikoch. Trend odmeňovania v prvom polroku 2005. Zvyšovanie miezd v súvislosti s minuloročnou infláciou. Priemerná mzda na Slovensku podľa odvetví. Rast miezd a produktivity práce. Mzdy v roku 2006. 
610 2 0 |a mzdy 
610 2 0 |a platy 
610 2 0 |a odmeňovanie 
610 2 0 |a inflácia 
610 2 0 |a produktivita práce 
610 2 0 |a Slovensko 
610 2 0 |a 2005 
100 1 |a Múčka, František